The year in fashion collection. Volume 2006.

Mid-stride into the new millennium fashion for the year 2006 opened with collections that were less about trends and more about diversity of style. The supreme range of creativity ranged from such standouts as Marc Jacobs, Fendi, Balenciaga, Rochas, Calvin Klein, Dolce & Gabbana, Donna Karan, Mi...

Full description

Bibliographic Details
Corporate Author: Kanopy (Firm)
Format: Video
Language:English
Published: [San Francisco, California, USA] : Kanopy Streaming, 2014.
Subjects:
Online Access:Connect to this streaming video

MARC

Tag First Indicator Second Indicator Subfields
LEADER 00000cgm a22000001i 4500
001 in00003585605
006 m o c
007 vz uzazuu
007 cr una---unuuu
008 141115p20142006cau048 o vleng d
005 20260324170631.8
028 5 2 |a 1090691  |b Kanopy 
035 |a (OCoLC)900276357 
035 |a (CaSfKAN)kan1090691 
040 |a UtOrBLW  |b eng  |e rda  |c UtOrBLW  |d UtOrBLW 
245 0 4 |a The year in fashion collection.  |n Volume 2006. 
264 1 |a [San Francisco, California, USA] :  |b Kanopy Streaming,  |c 2014. 
300 |a 1 online resource (1 video file, approximately 48 min.) :  |b digital, .flv file, sound 
336 |a two-dimensional moving image  |b tdi  |2 rdacontent 
337 |a computer  |b c  |2 rdamedia 
338 |a online resource  |b cr  |2 rdacarrier 
344 |a digital 
347 |a video file  |b MPEG-4  |b Flash 
500 |a Title from title frames. 
518 |a Originally produced by Videofashion in 2006. 
520 |a Mid-stride into the new millennium fashion for the year 2006 opened with collections that were less about trends and more about diversity of style. The supreme range of creativity ranged from such standouts as Marc Jacobs, Fendi, Balenciaga, Rochas, Calvin Klein, Dolce & Gabbana, Donna Karan, Miuccia Prada to Chloe and Proenza Schouler. The winter collections ushered in a more somber mood and palette. But throughout the year the runways were deluged with beauties from the former Soviet States; hot Brazilians were replaced with a cooler kind of classic beauty. Every fashion capital had memorable moments from Naomi Campbell’s hurricane Katrina fundraiser “Fashion for Relief” to the Kate Moss drug scandal which in less than 6 months took her from fashion pariah to “comeback Kate” as she played a starring role in a slew of new campaigns. 
538 |a Mode of access: World Wide Web. 
650 0 |a Fashion designers  |y 2006. 
650 0 |a Documentary films.  |0 http://id.loc.gov/authorities/subjects/sh85088115 
650 0 |a Fashion.  |0 http://id.loc.gov/authorities/subjects/sh85047377 
655 7 |a Internet videos.  |2 lcgft  |0 http://id.loc.gov/authorities/genreForms/gf2011026337 
655 7 |a Nonfiction films.  |2 lcgft  |0 http://id.loc.gov/authorities/genreForms/gf2011026423 
655 7 |a Documentary films.  |2 lcgft  |0 http://id.loc.gov/authorities/genreForms/gf2011026205 
710 2 |a Kanopy (Firm)  |0 http://id.loc.gov/authorities/names/no2014091415 
856 4 0 |u http://proxy.library.tamu.edu/login?url=https://texasam.kanopystreaming.com/node/90692  |z Connect to this streaming video  |t 0 
999 f f |s 3fa9f95d-d917-3ca9-ad0a-d2c925a65f33  |i a8b65e1f-d199-386d-98e2-dfe1f9758725  |t 0 
952 f f |a Texas A&M University  |b College Station  |c Electronic Resources  |s www_evans  |d Available Online  |t 0  |h No information provided 
998 f f |t 0  |l Available Online